000 00840nas a2200289 4500
001 BR2013000235
003 BR-BrBNA
005 20231205122029.0
007 ta
008 230509b bl.|||p| |||| 00| 00por d
040 _aBR-BrBNA
_bpor
_cBiblioteca Nacional de Agricultura
041 _a(Pt)
072 _aS1; E10; E70
100 1 _aOHUNFSTI, K.
245 1 _aDEMAND FOR QUANTITY VERSUS QUALITY IN BEEF, CHICKEN AND FISH CONSUMPTION IN NIGERIA
650 _aNIGÉRIA
650 _aALIMENTO ANIMAL
650 _aCARNE
650 _aBOI
650 _aFRANGO
650 _aPEIXE
650 _aPOLÍTICA
650 _aCONSUMIDOR
773 0 _tRevista de Economia e Agronegócio (Brazil)
_xISSN 1679-1614
_g(Jan-Apr 2012), v. 10(1) p. 29-50
_wBR2013000235
909 _a202311
_bLúcia
_c55
_dLúcia Elande
942 _2AGRIS
_n0
_cANA
999 _c226550
_d226550